| 000 | 00359nam a2200133Ia 4500 | ||
|---|---|---|---|
| 005 | 20260328104256.0 | ||
| 008 | 260328s9999||||xx |||||||||||||| ||und|| | ||
| 100 | _aW. de Jong, Cees | ||
| 245 | 4 |
_aThe Poster : _b 1,000 posters from Toulouse Lautrec to Sagmeister / _cCees W. de Jong |
|
| 260 | _bAbrams | ||
| 300 | _a567 p. | ||
| 650 | _aDIBUJO | ||
| 942 | _cBK | ||
| 999 |
_c10432 _d10432 |
||